| 000 | 01056nam a2200229Ia 4500 | ||
|---|---|---|---|
| 003 | Ost | ||
| 005 | 20260507075556.0 | ||
| 008 | 260507s9999||||xx |||||||||||||| ||und|| | ||
| 020 | _a9773454806 | ||
| 040 | _cfsecg | ||
| 041 | _aara | ||
| 082 | _a330 | ||
| 100 |
_aالحداد، عماد _eمؤلف |
||
| 245 | 0 |
_aاساليب التسويق الفعالة / _c عماد الحداد |
|
| 260 |
_aالقاهرة: _bدار الفاروق للنشر و التوزيع, _c2004 |
||
| 300 |
_a96 صفحة؛ _bإيضاحات ؛ _c24 سم |
||
| 490 | _aكويك نوتس | ||
| 520 | _aابحاث العملاء اضافة الى التعامل مع العملاء المتعبين و كذا تقييم التسويق ووضع خطة تسويقية سليمة, تخطيط حملات الاعلانات ووضع ميزانياتها, كذلك تخطيط الكوبونات و عروض المبيعات و في الاخير الاستفادة من الدعاية. | ||
| 653 | _aاساليب التسويق | ||
| 653 | _aالتسويق | ||
| 942 | _cكتاب | ||
| 999 |
_c44961 _d44961 |
||